[Event "AGAE"]
[Site "SchemingMind.com"]
[Date "2018.10.25"]
[Round "-"]
[White "Omahony"]
[Black "Helga1946"]
[Result "0-1"]
[WhiteCountry "ENG"]
[BlackCountry "GER"]
[WhiteElo "1777"]
[WhiteRD "73"]
[BlackElo "2167"]
[BlackRD "78"]
[GameID "433940"]

1. d4 d5 2. e3 Nc6 3. f4 Bf5 4. c3 a6 5. Nf3 e6 6. Bd3 Nce7 7. O-O Nf6 8. Qe2 c6 9. Ne5 Qc7 10. Nd2 c5
11. Ndf3 Bxd3 12. Qxd3 c4 13. Qe2 Nf5 14. Ng5 Nd6 15. Bd2 h6 16. Ngf3 Nfe4 17. g4 b6 18. Nh4 Rg8 19. b3 g5 20. fxg5 hxg5
21. Nhf3 f6 22. b4 fxe5 23. Nxe5 Bg7 24. Rf3 Bxe5 25. dxe5 Nf7 26. Raf1 Nxe5 27. Rh3 O-O-O 28. a4 Rh8 29. Rxh8 Rxh8 30. Be1 Nxg4
0-1

[Event "AGAE"]
[Site "SchemingMind.com"]
[Date "2018.10.25"]
[Round "-"]
[White "Helga1946"]
[Black "Omahony"]
[Result "1-0"]
[WhiteCountry "GER"]
[BlackCountry "ENG"]
[WhiteElo "2116"]
[WhiteRD "81"]
[BlackElo "1788"]
[BlackRD "73"]
[GameID "433941"]

1. d4 d5 2. c4 c6 3. cxd5 cxd5 4. Nc3 Nf6 5. Bf4 a6 6. e3 e6 7. Rc1 Bb4 8. Bd3 Nc6 9. Nf3 Bd7 10. Qb3 b5
11. O-O O-O 12. Nxb5 Be7 13. Nd6 Nh5 14. Nb7 Qc8 15. Bd6 Bxd6 16. Nxd6 Qc7 17. Nxf7 Rxf7 18. Ne5 Rff8 19. Qc2 Rfc8 20. Bxh7+ Kf8
21. Qc5+
1-0

[Event "AGAE"]
[Site "SchemingMind.com"]
[Date "2018.11.06"]
[Round "-"]
[White "Uzi Mike"]
[Black "spoke"]
[Result "1-0"]
[WhiteCountry "USA"]
[BlackCountry "GER"]
[WhiteElo "2093"]
[WhiteRD "86"]
[BlackElo "1791"]
[BlackRD "70"]
[GameID "434174"]

1. e4 e5 2. Nc3 Nf6 3. g3 d6 4. Bg2 Be7 5. Nge2 Nc6 6. d4 exd4 7. Nxd4 Nxd4 8. Qxd4 O-O 9. Bf4 c6 10. O-O-O Be6
11. Bxd6 Bxd6 12. Qxd6 Qxd6 13. Rxd6 Rfd8 14. Rxd8+ Rxd8 15. h3 Kf8 16. f4 g6 17. Rd1 Rxd1+ 18. Kxd1 Ke7 19. g4 Nd7 20. g5 f5
21. e5 Nb6 22. b3 Kd7 23. Kd2 Nc8 24. Na4 b6 25. c4 c5 26. Nc3 Ne7 27. Nd5 Bf7 28. Nf6+ Kc7 29. Bd5 Bxd5 30. cxd5
1-0

[Event "AGAE"]
[Site "SchemingMind.com"]
[Date "2018.11.06"]
[Round "-"]
[White "spoke"]
[Black "Uzi Mike"]
[Result "0-1"]
[WhiteCountry "GER"]
[BlackCountry "USA"]
[WhiteElo "1791"]
[WhiteRD "70"]
[BlackElo "2093"]
[BlackRD "86"]
[GameID "434175"]

1. e4 e5 2. Nf3 Nf6 3. Nc3 Nc6 4. Bb5 Bc5 5. d3 d6 6. d4 exd4 7. Nxd4 O-O 8. Bxc6 bxc6 9. Bg5 d5 10. O-O Bg4
11. Nf3 h6 12. Bxf6 Qxf6 13. exd5 Bb4 14. h3 Bxf3 15. Qxf3 Qxf3 16. gxf3 Bxc3 17. bxc3 cxd5 18. Rfe1 Rfe8 19. Re3 Rxe3 20. fxe3 Rb8
21. Rd1 c6 22. Rd4 Rb1+ 23. Kf2 Rb2 24. Ra4 Rxc2+ 25. Ke1 Rxc3 26. Kd2 Rc4 27. Rxa7 Rh4 28. Kd3 Rxh3 29. f4 Rh1 30. a4 h5
0-1

[Event "AGAE"]
[Site "SchemingMind.com"]
[Date "2018.11.13"]
[Round "-"]
[White "ray winteringham"]
[Black "alanpwhite"]
[Result "1-0"]
[WhiteCountry "ENG"]
[BlackCountry "ENG"]
[WhiteElo "1495"]
[WhiteRD "54"]
[BlackElo "1173"]
[BlackRD "115"]
[GameID "434618"]

1. e4 e5 2. Nf3 Nc6 3. Nc3 Nf6 4. d3 Bb4 5. Bd2 O-O 6. g3 d6 7. Bg2 Bg4 8. O-O Qd7 9. a3 Bc5 10. Qe1 a6
11. Ne2 Nd4 12. Nexd4 Bxd4 13. c3 Bb6 14. c4 c5 15. b3 Bxf3 16. Bxf3 Ng4 17. Qe2 h5 18. Bxg4 Qxg4 19. Qxg4 hxg4 20. Kg2 Bd8
21. Rh1 f6 22. a4= a5 23. Be3 b6 24. Bd2 g5 25. h4 Rf7 26. hxg5 fxg5 27. Rh5 Rg7 28. Rah1 Kf7 29. Rh7 Bf6 30. R1h5 Ke6
31. Rxg7 Bxg7 32. Rxg5 Rh8 33. Rxg7 Kf6 34. Rxg4 Re8 35. Rh4 Ke6 36. Rh6+ Ke7 37. Bg5+ Kd7 38. f4 Rg8 39. Rf6 Kc6 40. Rf5 Re8
41. fxe5 dxe5 42. Bf6
1-0

[Event "AGAE"]
[Site "SchemingMind.com"]
[Date "2018.11.13"]
[Round "-"]
[White "alanpwhite"]
[Black "ray winteringham"]
[Result "0-1"]
[WhiteCountry "ENG"]
[BlackCountry "ENG"]
[WhiteElo "1173"]
[WhiteRD "115"]
[BlackElo "1495"]
[BlackRD "54"]
[GameID "434619"]

1. e4 c5 2. Nc3 Nc6 3. Bb5 e5 4. Nf3 d6 5. O-O Bd7 6. a3 Be7 7. d3 h6 8. Nd5 a6 9. Nxe7 Ngxe7 10. Bc4 b5
11. Bb3 Qc8 12. h3 O-O 13. Be3 Kh7 14. Nh4 Rh8 15. Bxf7 Bxh3 16. Qf3 Bg4 17. Qg3 Rf8 18. Bd5 Nxd5 19. Rae1 Nxe3 20. Rxe3 Ra7
21. f3 Be6 22. Qg6+ Kh8 23. Qh5 Bf7 24. Ng6+ Kh7 25. Nxf8+ Qxf8 26. Qf5+ g6 27. Qf6 Nd4 28. f4 Nxc2 29. Ref3 Nd4 30. R3f2 exf4
31. Qxf4 Qg7 32. Qxf7 Rxf7 33. Rxf7 Ne2+ 34. Kh2 Nd4 35. Rxg7+ Kxg7 36. Kg3 g5 37. b4 c4 38. dxc4 bxc4 39. Kf2 c3 40. Rc1 Kf6
41. Ke3 Ke5 42. Rxc3 h5 43. Rc1 g4 44. Rh1 Nc2+
0-1

[Event "AGAE"]
[Site "SchemingMind.com"]
[Date "2018.11.19"]
[Round "-"]
[White "John Hamer"]
[Black "echecs"]
[Result "1-0"]
[WhiteCountry "ENG"]
[BlackCountry "ENG"]
[WhiteElo "2033"]
[WhiteRD "70"]
[BlackElo "1834"]
[BlackRD "61"]
[GameID "434759"]

1. e4 e5 2. Nc3 Nc6 3. Bc4 Bc5 4. d3 Nf6 5. f4 exf4 6. Bxf4 a6 7. Nf3 O-O 8. d4 Bb4 9. e5 Ne8 10. O-O d6
11. Bg5 Ne7 12. Nd5 Nxd5 13. Bxd8 Ne3 14. Qd3 Nxf1 15. Ng5 g6 16. Bxf7+ Kg7 17. Rxf1 Bf5 18. Rxf5 gxf5 19. Qxf5
1-0

[Event "AGAE"]
[Site "SchemingMind.com"]
[Date "2018.11.20"]
[Round "-"]
[White "echecs"]
[Black "John Hamer"]
[Result "0-1"]
[WhiteCountry "ENG"]
[BlackCountry "ENG"]
[WhiteElo "1834"]
[WhiteRD "61"]
[BlackElo "2033"]
[BlackRD "70"]
[GameID "434760"]

1. e4 e5 2. Nf3 Nf6 3. Nc3 d6 4. d3 Be7 5. Be2 c6 6. O-O O-O 7. Bg5 Be6 8. a3 Nbd7 9. b4 d5 10. exd5 Bxd5
11. Nxd5 cxd5 12. c4 Rc8 13. c5 Ne8 14. Be3 d4 15. Bd2 b6 16. cxb6 Qxb6 17. Ng5 Nd6 18. Bg4 f5 19. Be2 e4 20. dxe4 Bxg5
21. Bxg5 Nf7 22. Be7 Rfe8 23. Bh4 Rxe4 24. Bg3 Nde5= 25. Re1 f4 26. Qb1 d3 27. Bxf4 Rxf4 28. Bxd3 Qxf2+ 29. Kh1 Rh4 30. Rf1 Rxh2+
0-1

[Event "AGAE"]
[Site "SchemingMind.com"]
[Date "2018.11.26"]
[Round "-"]
[White "JAHI"]
[Black "Transcendent"]
[Result "1-0"]
[WhiteCountry "INT"]
[BlackCountry "ENG"]
[WhiteElo "2166"]
[WhiteRD "78"]
[BlackElo "1257"]
[BlackRD "64"]
[GameID "435084"]

1. c3 d5 2. c4 dxc4 3. Qa4+ Bd7 4. Qxc4 Nf6 5. Nf3 e6 6. Nc3 Bd6 7. g3 O-O 8. Bg2 Bc6 9. d3 Qe7 10. Be3 Nbd7
11. Qh4 Bxf3 12. Bxf3 c6 13. Bg5 h6 14. Bxf6 Nxf6 15. Rd1
1-0

[Event "AGAE"]
[Site "SchemingMind.com"]
[Date "2018.11.26"]
[Round "-"]
[White "Transcendent"]
[Black "JAHI"]
[Result "0-1"]
[WhiteCountry "ENG"]
[BlackCountry "INT"]
[WhiteElo "1257"]
[WhiteRD "64"]
[BlackElo "2166"]
[BlackRD "78"]
[GameID "435085"]

1. d4 d6 2. c4 c6 3. Nc3 c5 4. d5 e6 5. g3 exd5 6. cxd5 Nf6 7. Bg2 Bd7 8. Nf3 Bg4 9. Nd2 Be7 10. O-O Nbd7
11. h3 Bh5 12. Qb3 Rb8 13. e4 h6 14. f4 Qc7 15. g4 Nxg4
0-1

[Event "AGAE"]
[Site "SchemingMind.com"]
[Date "2018.11.29"]
[Round "-"]
[White "Geoffrey Rosser"]
[Black "sicilianchameleon"]
[Result "0-1"]
[WhiteCountry "ENG"]
[BlackCountry "USA"]
[WhiteElo "1852"]
[WhiteRD "62"]
[BlackElo "1828"]
[BlackRD "133"]
[GameID "435246"]

1. e4 d6 2. d4 Nf6 3. Nc3 g6 4. f4 Bg7 5. Nf3 c5 6. dxc5 Qa5 7. e5 dxe5 8. Nxe5 O-O 9. Bd2 Qxc5 10. Qe2 Bf5
11. O-O-O a6 12. Be3 Qc7 13. Qc4 Ne8 14. Qxc7 Nxc7 15. Nd5 Nxd5 16. Rxd5 Bxe5 17. Rxe5 Nc6 18. Rc5 Rfd8 19. Be2 Nd4 20. Bxd4 Rxd4
21. g3 Be4 22. Rd1 Rad8 23. Rc4 Rxd1+ 24. Bxd1 Bc6 25. c3 Kg7 26. Rd4 Rd7 27. Rxd7 Bxd7 28. Kd2 f5 29. Kd3 Kf6 30. Bf3 b6
31. Kd4 Ke6 32. Bd5+ Kd6 33. Bg8 h6 34. Bf7 g5 35. fxg5 e5+ 36. Ke3 hxg5 37. Bc4 b5 38. Bb3 Bc6 39. Bc2 f4+ 40. gxf4 exf4+
41. Kf2 Ke5 42. Bd3 g4 43. Bg6 Be4 44. Be8 Bf5 45. a4 Bd3 46. axb5 Bxb5 47. Bh5 Bd7 48. Bg6 a5 49. Ke2 Kd5 50. Bd3 Bc6
51. Bf5 g3 52. h4 f3+ 53. Kxf3 Ke5+ 54. Kxg3 Kxf5 55. Kf2 Be4 56. Ke3 Ke5 57. b4 a4 58. Kd2 Kd5 59. b5 a3 60. b6 Kc4
61. Ke3 a2 62. Kxe4 a1=Q 63. h5 Qh1+
0-1

[Event "AGAE"]
[Site "SchemingMind.com"]
[Date "2018.11.29"]
[Round "-"]
[White "sicilianchameleon"]
[Black "Geoffrey Rosser"]
[Result "1/2-1/2"]
[WhiteCountry "USA"]
[BlackCountry "ENG"]
[WhiteElo "1828"]
[WhiteRD "133"]
[BlackElo "1852"]
[BlackRD "62"]
[GameID "435247"]

1. e4 e5 2. Nf3 Nc6 3. Bb5 Nf6 4. d3 d6 5. c3 Bd7 6. Nbd2 a6 7. Ba4 b5 8. Bc2 Be7 9. Nf1 O-O 10. Ng3 d5
11. exd5 Nxd5 12. d4 exd4 13. Nxd4 Nxd4 14. Qxd4 Nf6 15. O-O c5 16. Qd1 Re8 17. h3 Qc7 18. Bg5 Rad8 19. Bxf6 Bxf6 20. Be4 b4
21. Qc2 g6 22. cxb4 Be5 23. bxc5 Bxg3 24. fxg3 Qxg3 25. Rf3 Qe5 26. Re1 f5 27. Qb3+ Kg7 28. c6 Qc5+ 29. Qe3 Qxe3+ 30. Rfxe3 fxe4
31. cxd7 Rxd7 32. Rxe4 Rxe4 33. Rxe4 Rd2 34. Re6 a5 35. Ra6 a4 36. Kh2 Rxb2 37. a3 h5 38. Rxa4 Rb3 39. Ra5 Kf6 40. h4 Rc3
41. a4=
1/2-1/2

[Event "AGAE"]
[Site "SchemingMind.com"]
[Date "2018.12.04"]
[Round "-"]
[White "willyboy"]
[Black "wheeler"]
[Result "1-0"]
[WhiteCountry "AUT"]
[BlackCountry "HUN"]
[WhiteElo "2179"]
[WhiteRD "64"]
[BlackElo "1545"]
[BlackRD "121"]
[GameID "435531"]

1. e4 e5 2. f4 d6 3. Nf3 Nf6 4. Nc3 Nc6 5. Bb5 exf4 6. d4 d5 7. Ne5 Bd7 8. exd5 a6 9. dxc6 axb5 10. cxd7+ Nxd7
11. Bxf4 Bb4 12. Qg4
1-0

[Event "AGAE"]
[Site "SchemingMind.com"]
[Date "2018.12.04"]
[Round "-"]
[White "wheeler"]
[Black "willyboy"]
[Result "0-1"]
[WhiteCountry "HUN"]
[BlackCountry "AUT"]
[WhiteElo "1545"]
[WhiteRD "121"]
[BlackElo "2179"]
[BlackRD "64"]
[GameID "435532"]

1. e4 c5 2. Nf3 d6 3. Bb5+ Bd7 4. Bxd7+ Qxd7 5. d4 cxd4 6. Nxd4 Nf6 7. Nd2 Nc6 8. Nxc6 Qxc6 9. f3 d5 10. exd5 Nxd5
11. c4 Ne3 12. Qb3 Nxg2+ 13. Kf2 Nh4 14. Ne4 f5 15. Ng5 h6 16. Nh3 O-O-O 17. Bf4 e5 18. Bc1 Bc5+ 19. Ke2 e4 20. Rf1 exf3+
0-1

[Event "AGAE"]
[Site "SchemingMind.com"]
[Date "2018.12.06"]
[Round "-"]
[White "kenneth m day"]
[Black "krzysztof"]
[Result "1-0"]
[WhiteCountry "USA"]
[BlackCountry "POL"]
[WhiteElo "1732"]
[WhiteRD "59"]
[BlackElo "1528"]
[BlackRD "71"]
[GameID "435646"]

1. e4 e6 2. d4 Bb4+ 3. Nd2 b6 4. c3 Be7 5. Bd3 Bb7 6. Qg4 g6 7. Ndf3 h5 8. Qf4 f6 9. Ne2 g5 10. Qe3 c5
11. Bd2 d6 12. O-O-O Bc6 13. e5 cxd4 14. Bg6+ Kf8 15. Nexd4 Bd7 16. exf6 Bxf6 17. Nxe6+ Bxe6 18. Qxe6 Qd7 19. Qd5 Nc6 20. Be3 Rd8
21. Nxg5 Bxg5 22. Bxg5 Ne5 23. Bxd8 Nxg6 24. Qxd6+ Qxd6 25. Rxd6 N8e7 26. Rhd1 Kf7 27. Bxe7 Nxe7 28. Rd7 Re8 29. Rxa7 Kf8 30. Rdd7 Kf7
31. Rab7 Kf8 32. Rxb6 Kf7 33. a4 Rc8 34. Rbb7 Re8 35. a5 Ke6 36. a6 Nc6 37. b4 Rd8 38. Rh7 Kd5 39. Rxh5+ Kc4 40. Kc2 Ra8
41. Rb6 Nb8 42. b5 Nxa6 43. Rh4+ Kc5 44. Rxa6 Rxa6 45. bxa6 Kb6 46. Rh6+ Ka7 47. Kb3 Ka8 48. Rh7 Kb8 49. g4 Ka8 50. g5 Kb8
51. g6 Ka8 52. Kb4 Kb8 53. Kb5 Ka8 54. Kb6 Kb8 55. Rh8#
1-0

[Event "AGAE"]
[Site "SchemingMind.com"]
[Date "2018.12.06"]
[Round "-"]
[White "krzysztof"]
[Black "kenneth m day"]
[Result "0-1"]
[WhiteCountry "POL"]
[BlackCountry "USA"]
[WhiteElo "1528"]
[WhiteRD "71"]
[BlackElo "1732"]
[BlackRD "59"]
[GameID "435647"]

1. Nf3 d5 2. d4 Nf6 3. Ne5 Nbd7 4. Bf4 e6 5. a3 Bd6 6. e3 O-O 7. Nd2 c5 8. Ndf3 Ne4 9. Bd3 f6 10. Nxd7 Qxd7
11. h4 cxd4 12. Bxd6 Nxd6 13. Nxd4 a6 14. h5 e5 15. Nb3 b6 16. Nd2 e4 17. Be2 Qf5 18. f3 exf3 19. Bxf3 Rb8 20. Nb3 Bb7
21. Nd4 Qe5 22. Qd3 Rfe8 23. O-O-O Qxe3+ 24. Qxe3 Rxe3 25. Nb3 Re5 26. g4 Ne4 27. Rh2 Ng5 28. Bh1 Rbe8 29. Rhd2 Rd8 30. Nd4 Ne4
31. Bxe4 Rxe4 32. Nf5 Rxg4 33. Ne7+ Kf7 34. Nxd5 Bxd5 35. Rxd5 Rxd5 36. Rxd5 Ke6 37. Rd1 Rg5 38. Rh1 f5 39. Kd2 f4 40. h6 g6
41. Ke1 Rf5 42. Kf2 g5 43. Kf3 Kf6 44. Rd1 Re5 45. Rd6+ Re6 46. Rxe6+ Kxe6 47. Ke2 Ke5 48. Kf3 Kf5 49. Kg2 g4 50. Kg1 Kg5
51. Kg2 Kxh6 52. Kf2 Kg5 53. Kg2 h5 54. Kh2 h4 55. Kg1 f3 56. c4 g3 57. Kh1 h3 58. b4 f2 59. c5 f1=Q#
0-1

[Event "AGAE"]
[Site "SchemingMind.com"]
[Date "2018.12.11"]
[Round "-"]
[White "Clive Everill"]
[Black "fu_manchu"]
[Result "1-0"]
[WhiteCountry "CZE"]
[BlackCountry "CAN"]
[WhiteElo "1661"]
[WhiteRD "59"]
[BlackElo "1714"]
[BlackRD "75"]
[GameID "435914"]

1. e4 d6 2. d4 Nf6 3. Nc3 g6 4. f4 Bg7 5. Nf3 O-O 6. Bd3 c5 7. dxc5 dxc5 8. e5 Nd5 9. Nxd5 Qxd5 10. Qe2 Nc6
11. Be4 Qd7 12. Be3 b6 13. Rd1 Qc7 14. O-O e6 15. Qb5 Nd4 16. Bxd4 cxd4 17. Bxa8
1-0

[Event "AGAE"]
[Site "SchemingMind.com"]
[Date "2018.12.12"]
[Round "-"]
[White "fu_manchu"]
[Black "Clive Everill"]
[Result "0-1"]
[WhiteCountry "CAN"]
[BlackCountry "CZE"]
[WhiteElo "1811"]
[WhiteRD "81"]
[BlackElo "1668"]
[BlackRD "58"]
[GameID "435915"]

1. d4 f5 2. g3 d6 3. Bg2 Nf6 4. c4 e5 5. Nc3 Be7 6. e4 fxe4 7. Nxe4 Nxe4 8. Bxe4 exd4 9. Qxd4 O-O 10. Bg2 Nc6
11. Nf3 Nxd4
0-1

[Event "AGAE"]
[Site "SchemingMind.com"]
[Date "2018.12.14"]
[Round "-"]
[White "davidcook"]
[Black "Karpovski"]
[Result "1-0"]
[WhiteCountry "ENG"]
[BlackCountry "SCO"]
[WhiteElo "2374"]
[WhiteRD "65"]
[BlackElo "1950"]
[BlackRD "130"]
[GameID "436021"]

1. e4 c6 2. d4 d5 3. e5 Bf5 4. Nf3 e6 5. Be2 Nd7 6. O-O h6 7. Nbd2 c5 8. c4 Ne7 9. dxc5 Nxc5 10. Nd4 Bh7
11. N4b3 Nc6 12. cxd5 Qxd5 13. Nxc5 Qxc5 14. Nf3 Be7 15. Be3 Qa5 16. a3 Rd8 17. Qb3 Be4 18. Qxb7 Rb8 19. b4 Rxb7 20. bxa5 Nxa5
21. Ba6 Bxf3 22. gxf3 Rb3 23. a4 O-O 24. Bb5 Ra8 25. Rfd1 a6 26. Bd3 Rc3 27. Rac1 Ra3 28. Be4 Rb8 29. Rd7 Bg5 30. Rcc7 Bxe3
31. fxe3 Rf8 32. Bg6 Rxe3 33. Bxf7+ Kh8 34. f4 Rf3 35. Bxe6 R8xf4 36. Rxg7 Rf1+ 37. Kg2 R1f2+ 38. Kh3 R2f3+ 39. Rg3 Rxg3+ 40. hxg3 Rd4
41. Ba2 Rxa4 42. Bd5 Rd4 43. Rd7 Nc4 44. e6
1-0

[Event "AGAE"]
[Site "SchemingMind.com"]
[Date "2018.12.14"]
[Round "-"]
[White "Karpovski"]
[Black "davidcook"]
[Result "0-1"]
[WhiteCountry "SCO"]
[BlackCountry "ENG"]
[WhiteElo "1935"]
[WhiteRD "136"]
[BlackElo "2399"]
[BlackRD "63"]
[GameID "436022"]

1. c4 e5 2. g3 f5 3. Nc3 Nf6 4. Bg2 Nc6 5. e3 d5 6. cxd5 Nb4 7. d3 Nbxd5 8. Nge2 c6 9. O-O Bd6 10. Nxd5 Nxd5
11. e4 Nf6 12. Nc3 O-O 13. Qb3+ Kh8 14. Bg5 f4 15. Rad1 fxg3 16. hxg3 Qe8 17. d4 Ng4 18. Bh4 Qh5 19. dxe5 Be7 20. f4 Bxh4
21. gxh4 Qxh4 22. Rf3 b6 23. Qa4 Qh2+ 24. Kf1 Rxf4
0-1

[Event "AGAE"]
[Site "SchemingMind.com"]
[Date "2018.12.20"]
[Round "-"]
[White "Allan Sedstrem"]
[Black "Goz"]
[Result "0-1"]
[WhiteCountry "SCO"]
[BlackCountry "ENG"]
[WhiteElo "1596"]
[WhiteRD "62"]
[BlackElo "1561"]
[BlackRD "76"]
[GameID "436173"]

1. e4 e6 2. d4 d5 3. e5 c5 4. Be3 c4 5. g3 Ne7 6. Bg2 Nf5 7. Nf3 Nxe3 8. fxe3 Be7 9. O-O O-O 10. Nbd2 b5
11. b3 c3 12. Nb1 b4 13. a3 a5 14. axb4 Bxb4 15. Ne1 Ba6 16. Nd3 Bxd3 17. Qxd3 Nc6 18. Nxc3 Bxc3 19. Qxc3 Qb6 20. Ra4 Rfc8
21. Qb2 Ne7 22. Rfa1 Ra6 23. Qa3 Nc6 24. c4 h6 25. cxd5 Nb4 26. Qb2 exd5 27. Bf1 Ra7 28. Rc1 Rcc7 29. h4 Nc6 30. Rc5 Ne7
31. b4 Nf5 32. Rcxa5 Nxe3 33. Bd3 Nc4 34. Bxc4 dxc4 35. Rxa7 Rxa7 36. Rxa7 Qxa7 37. Qc3 Qc7 38. Kf2 Qc6 39. Qf3 Qa4 40. Ke1 Qxb4+
41. Kd1 c3 42. Qd3 Qb3+ 43. Qc2 Qc4 44. Qe4 g6 45. Qe3 Qb3+ 46. Ke2 Qb2+ 47. Kd1 c2+
0-1

[Event "AGAE"]
[Site "SchemingMind.com"]
[Date "2018.12.20"]
[Round "-"]
[White "Goz"]
[Black "Allan Sedstrem"]
[Result "0-1"]
[WhiteCountry "ENG"]
[BlackCountry "SCO"]
[WhiteElo "1561"]
[WhiteRD "72"]
[BlackElo "1600"]
[BlackRD "65"]
[GameID "436174"]

1. d4 d5 2. e3 c5 3. c3 e6 4. Nf3 Nc6 5. Be2 cxd4 6. cxd4 Be7 7. O-O Nf6 8. a3 O-O 9. Nc3 Ne4 10. Nxe4 dxe4
11. Nd2 f5 12. b4 Rf6 13. Bb2 Rh6 14. Qc2 Bd6 15. g3 Bd7 16. f4 Qe8 17. Nc4 Be7 18. Rad1 Qg6 19. Kh1 Rh3 20. Ne5 Nxe5
21. dxe5 Qxg3 22. Bc4 Ba4 23. Bxe6+ Kf8 24. Qg2 Qxe3 25. Rde1 Qd3 26. Bxf5 Re3 27. e6 Bc6 28. Qxg7+ Ke8 29. Qg8+ Bf8 30. Qf7+ Kd8
31. Qxf8+ Kc7 32. Qxa8 Rxe1 33. Rxe1 Qd2 34. Rf1 e3+ 35. Kg1 Qg2#
0-1

[Event "AGAE"]
[Site "SchemingMind.com"]
[Date "2018.12.23"]
[Round "-"]
[White "Aleksandr Frenkel"]
[Black "clare1347"]
[Result "0-1"]
[WhiteCountry "USA"]
[BlackCountry "ENG"]
[WhiteElo "2166"]
[WhiteRD "71"]
[BlackElo "2332"]
[BlackRD "95"]
[GameID "436248"]

1. e4 e5 2. Nf3 Nc6 3. Bb5 a6 4. Ba4 Nf6 5. O-O Be7 6. Re1 b5 7. Bb3 d6 8. c3 Na5 9. Bc2 c5 10. d4 Qc7
11. Nbd2 cxd4 12. cxd4 Bg4 13. h3 Bh5 14. d5 Rc8 15. Bd3 O-O 16. a4 Rb8 17. Qe2 Rfc8 18. Ra2 Bg6 19. axb5 axb5 20. Nh4 Bh5
21. g4 Bg6 22. Nxg6 hxg6 23. Bxb5 Qb6 24. Ba4 Nb7 25. Bc6 Nc5 26. Nc4 Qd8 27. Qc2 Nb3 28. Be3 Nd7 29. Qc3 Ndc5 30. Bxc5 dxc5
31. Ba4 Nd4 32. Kg2 Bd6 33. Rea1 Ne2 34. Qf3 Nf4+ 35. Kh2 Rb4 36. Nxd6 Qxd6 37. Bc2 c4 38. Ra8 Rbb8 39. Rxb8 Qxb8 40. Ra2 g5
41. Qe3 Qb4 42. Bd1 c3 43. b3 Qb5 44. Kg1 Kh7 45. Qf3 Kg6 46. Qe3 Rh8 47. f3 Rxh3 48. d6 Qc6 49. Rh2 Qa8 50. d7 Rxh2
51. Kxh2 Qa2+
0-1

[Event "AGAE"]
[Site "SchemingMind.com"]
[Date "2018.12.23"]
[Round "-"]
[White "clare1347"]
[Black "Aleksandr Frenkel"]
[Result "1-0"]
[WhiteCountry "ENG"]
[BlackCountry "USA"]
[WhiteElo "2362"]
[WhiteRD "94"]
[BlackElo "2145"]
[BlackRD "74"]
[GameID "436249"]

1. e4 e5 2. Nf3 Nc6 3. Bb5 a6 4. Ba4 Nf6 5. O-O Be7 6. Re1 b5 7. Bb3 O-O 8. c3 d6 9. h3 Na5 10. Bc2 c5
11. d4 Qc7 12. Nbd2 cxd4 13. cxd4 Nc6 14. Nb3 a5 15. d5 Nb4 16. Bb1 a4 17. Nbd2 Bd7 18. a3 Na6 19. Nf1 Rfc8 20. Bd2 g6
21. Ng3 Be8 22. Ba2 Qb7 23. Qe2 Bf8 24. Rec1 Bg7 25. Ne1 Bd7 26. Nd3 Nc5 27. Rc3 Nxd3 28. Qxd3 Rxc3 29. bxc3 Rc8 30. Rb1 Qa6
31. Rb4 Ne8 32. c4 Nc7 33. cxb5 Bxb5 34. Bc4 Bxc4 35. Qxc4 Bf8 36. Rxa4 Nb5 37. Qb4 Qb7 38. Be3 Qb8 39. Qb3 Nd4 40. Qxb8 Rxb8
41. Bxd4 exd4 42. Rxd4 Rb2 43. Nf1 Ra2 44. a4 h5 45. g3 Bh6 46. Rc4 Kg7 47. h4 f6 48. f4 Kf7 49. Ne3 Bf8 50. Kf1 Ke7
51. Rb4 Kd7 52. Nc4 Kc7 53. Rb6 Rxa4 54. Rc6+ Kb7 55. Nxd6+ Bxd6 56. Rxd6 g5 57. hxg5 fxg5 58. Re6 gxf4 59. gxf4 h4 60. f5 h3
61. Kg1
1-0

[Event "AGAE"]
[Site "SchemingMind.com"]
[Date "2018.12.27"]
[Round "-"]
[White "aliwood"]
[Black "private napoleon"]
[Result "0-1"]
[WhiteCountry "ENG"]
[BlackCountry "ENG"]
[WhiteElo "1315"]
[WhiteRD "58"]
[BlackElo "1766"]
[BlackRD "90"]
[GameID "436266"]

1. Nf3 g6 2. d4 Bg7 3. c4 d6 4. e3 Nf6 5. Nc3 O-O 6. Bd3 Bg4 7. O-O Nbd7 8. b4 c5 9. bxc5 dxc5 10. Rb1 b6
11. Bb2 e6 12. Nb5 a6 13. Nd6 Qc7 14. Ne4 Nxe4 15. Bxe4 Rab8 16. Qd2 f5 17. d5 fxe4 18. Bxg7 Kxg7 19. Ng5 Ne5 20. h3 Bf5
21. dxe6 h6 22. Nf7 Nxf7 23. exf7 Rbd8 24. Qb2+ Kxf7 25. Qxb6 Qxb6 26. Rxb6 a5 27. Rb5 Be6 28. Rxc5 Rc8 29. Rxc8 Rxc8 30. c5 Rxc5
31. a3 a4 32. g4 Rc2 33. Kg2 Ra2 34. Rc1 Rxa3 35. Rc7+ Kf6 36. Rc6 Ra1 37. Ra6 a3
0-1

[Event "AGAE"]
[Site "SchemingMind.com"]
[Date "2018.12.27"]
[Round "-"]
[White "private napoleon"]
[Black "aliwood"]
[Result "1-0"]
[WhiteCountry "ENG"]
[BlackCountry "ENG"]
[WhiteElo "1766"]
[WhiteRD "90"]
[BlackElo "1315"]
[BlackRD "58"]
[GameID "436267"]

1. e4 e5 2. Nf3 Nc6 3. Bb5 a6 4. Bxc6 bxc6 5. O-O Rb8 6. Nxe5 Nf6 7. d3 Bd6 8. f4 Bxe5 9. fxe5 Ng8 10. Qf3 Qe7
11. b3 Qe6 12. Bb2 Ne7 13. Nd2 O-O 14. Nc4 d6 15. Qg3 d5 16. Ne3 Ng6 17. Nf5 dxe4 18. h4 Qd5 19. h5 Bxf5 20. Rxf5 Qe6
21. dxe4 Rb4 22. hxg6 Rxe4 23. gxh7+ Kxh7 24. Raf1 Qh6 25. Qd3 Qe3+ 26. Qxe3 Rxe3 27. Rxf7 Rxf7 28. Rxf7 Re2 29. Rf2 Rxf2 30. Kxf2 Kg8
31. Kf3 Kf7 32. Ke4 Ke6= 33. a4 c5 34. a5 c6 35. Kf4
1-0

[Event "AGAE"]
[Site "SchemingMind.com"]
[Date "2019.01.02"]
[Round "-"]
[White "John Hamer"]
[Black "Phillip Beckett"]
[Result "1-0"]
[WhiteCountry "ENG"]
[BlackCountry "ENG"]
[WhiteElo "1960"]
[WhiteRD "69"]
[BlackElo "1518"]
[BlackRD "49"]
[GameID "436453"]

1. d4 d5 2. e4 e6 3. Nc3 dxe4 4. Nxe4 Nf6 5. Bd3 Be7 6. Nf3 Nbd7 7. O-O O-O 8. Qe2 Nxe4 9. Bxe4 c5 10. Rd1 cxd4
11. Nxd4 Qb6 12. b3 Nf6 13. Bf3 Bc5 14. Bb2 Rd8 15. Nb5 Bd7 16. c4 Bxb5 17. cxb5 Rxd1+ 18. Rxd1 Rd8 19. Rc1 Ne8 20. g3 Bb4
21. Rc2 Nd6 22. a3 Bc5 23. Qe5 Ne8 24. Rxc5 f6 25. Qc3 e5 26. a4 Qd6 27. Bd5+ Kh8 28. Bxb7 Qd1+ 29. Kg2 Qd6 30. a5 Qd4
31. Qc1 Qd2 32. a6 Qxc1 33. Rxc1
1-0

[Event "AGAE"]
[Site "SchemingMind.com"]
[Date "2019.01.02"]
[Round "-"]
[White "Phillip Beckett"]
[Black "John Hamer"]
[Result "1-0"]
[WhiteCountry "ENG"]
[BlackCountry "ENG"]
[WhiteElo "1518"]
[WhiteRD "49"]
[BlackElo "1960"]
[BlackRD "69"]
[GameID "436454"]

1. d4 Nf6 2. c4 g6 3. Nc3 Bg7 4. e4 O-O 5. f3 d6 6. Be3 c6 7. Qd2 Nbd7 8. O-O-O a6 9. h4 Nb6 10. h5 Nxh5
11. Bh6 Bxh6 12. Qxh6 Qc7 13. g4 Nf6 14. Nh3 Be6 15. Ng5 d5 16. Nxh7 Nh5 17. gxh5 Rfd8 18. hxg6
1-0

[Event "AGAE"]
[Site "SchemingMind.com"]
[Date "2019.01.25"]
[Round "-"]
[White "sicilianchameleon"]
[Black "Robert Bruce"]
[Result "0-1"]
[WhiteCountry "USA"]
[BlackCountry "SCO"]
[WhiteElo "1817"]
[WhiteRD "140"]
[BlackElo "2384"]
[BlackRD "68"]
[GameID "437417"]

1. c4 e5 2. g3 Nc6 3. Bg2 h5 4. h4 Nf6 5. Nc3 Bb4 6. Nd5 Bc5 7. Nf3 d6 8. Ng5 Nxd5 9. Bxd5 Rf8 10. e3 Bg4
11. Qc2 Nb4 12. Qc3 Nxd5 13. cxd5 Qd7 14. O-O Bb6 15. f4 f6 16. Ne6 Bxe6 17. dxe6 Qxe6 18. f5 Qg8 19. Kh2 g5 20. d4 gxh4
21. gxh4 Qg4
0-1

[Event "AGAE"]
[Site "SchemingMind.com"]
[Date "2019.01.25"]
[Round "-"]
[White "Robert Bruce"]
[Black "sicilianchameleon"]
[Result "1-0"]
[WhiteCountry "SCO"]
[BlackCountry "USA"]
[WhiteElo "2346"]
[WhiteRD "73"]
[BlackElo "1822"]
[BlackRD "138"]
[GameID "437418"]

1. d4 Nf6 2. Nf3 c5 3. e3 e6 4. Bd3 Be7 5. b3 Nc6 6. Bb2 d5 7. dxc5 O-O 8. O-O Bxc5 9. Nbd2 Re8 10. c4 e5
11. cxd5 Nxd5 12. Qc2 Nf6 13. Ne4 Be7 14. Neg5 g6 15. Bc4 Be6 16. Bxe6 fxe6 17. Nxh7
1-0